| 000 | 00710nam a2200277 a 4500 | ||
|---|---|---|---|
| 003 | AR-BaBNM | ||
| 005 | 20251128203357.0 | ||
| 008 | 082120s2002 ||||||||||||||000 | spa|| | ||
| 040 | _cAR-BaBNM | ||
| 100 | 1 | _aMomigliano, Felice | |
| 245 | 0 | 0 | _aTolstoi |
| 260 |
_aBuenos Aires _bLa universidad _c1944 |
||
| 300 | _a93 p. | ||
| 490 | 0 |
_aPerfiles _vv. 4 |
|
| 500 | _aContiene referencias bibliográficas al final de la obra | ||
| 650 | 4 | _aLITERATURA RUSA | |
| 650 | 4 | _aCRITICA LITERARIA | |
| 650 | 4 | _aBIOGRAFIAS | |
| 650 | 4 | _aVIDA LITERARIA | |
| 650 | 4 | _aNOVELAS | |
| 650 | 4 | _aSIGLO DIECINUEVE | |
| 655 | _aBIOGRAFIAS | ||
| 700 | 1 |
_aWadel, Leonardo _etraductor |
|
| 942 | _cBK | ||
| 998 | _cMARTIN | ||
| 999 |
_c3110 _d3110 |
||